000 02013nam a2200301 i 4500
003 DO-SdBNP
005 20250728112325.0
007 ta
008 250625b2025 dr ||||| |||| 00| 0 spa d
040 _aDO-SdBNP
_bspa
_cBNPHU
_erda
041 _aspa
082 4 _axxx
_bG182t
_222
100 1 _aGalvá, J. Alberto
_eautor
_4aut.
_988074
245 1 0 _aToledot :
_blas generaciones de Havah y las de Ha-Satán /
_cJ. Alberto Galvá.
250 _aPrimera edición
264 4 _aSanto Domingo, República Dominicana :
_bEditorial Perspectiva Cristiana & Box Engineering,
_c©2025.
300 _a306 páginas :
_bilustraciones ;
_c22 cm.
336 _atexto
_btxt
_2rdacontent
337 _asin mediación
_bn
_2rdamedia
338 _avolumen
_bnc
_2rdacarrier
500 _aLas generaciones de Havah y las de Ha-Satán.
500 _aPrimer libro y primera parte del libro
500 _aIncluye datos biográficos del autor en la contracubierta
505 _a Toledot -- Durmiendo y soñando -- Los animales mudos -- Obedézcanme -- La asamblea en la gran roca. El Shaday te lo da, pero tú lo tomas -- Visita oficial -- Los límites del jardín -- La primera alabanza no fue por la cualidades del Shaday -- La dispensación del deseo el delirio por Havah, el celo por Adam -- La Varona era otra -- La enfermedad y la muerte -- La varona manipuladora -- La perfección -- La virtud debilitada -- Mejor solo que….. El que fue ante de mí -- El Toledot de Havah la enojada -- Continuación de la Versión de Havah, al que llaman “el otro”el y yo -- Mi nombre es … La versión compartida -- El verdadero sol antes de la larga noche. Ahor que regresé -- La versión de Ha-Satán, Bóreas el centro de todo. Inicio del preámbulo, descorriendo el velo de Bóreas -- Descorriendo el velo, el preámbulo de Sabiduría -- Replicándome en ti. Parte final del primer libro -- El quiere poder sentir, yo quiero sentir el poder.
590 _aInventariado, 2025 /LP
910 _aLP
942 _2ddc
_cLBS1
999 _c58677
_d58677